00677nam a2200241Ia 450000500170000000800460001702000180006303700100008104000080009104000080009904000080010704100080011504100080012308400080013124500690013926000100020826000090021865000290022785600570025694200100031399900210032395200910034420260330155105.0008 300114s9999 xx 000 0 eng d a9789354243462 aEBOOK aCRL beng cCRL 2eng aeng qCRL 0aProbability and Stochastic Processes, 3ed (An Indian Adaptation) bWiley c2021 aMathematics & Statistics uhttps://ebooks.wileyindia.com/product-details/283363 cEBOOK c1843818d1843818 00104070aCRLbCRLd2026-03-30l0pCL2135616r2026-03-30 15:51:05w2026-03-30yEBOOK